000 00346nam a2200121Ia 4500
008 210430s9999 xx 000 0 und d
082 _a332F112 C
100 _aFrank J.Fabozzi
_952899
245 _aCapital MarketsInstitutions and Instruments
_cFrank J.Fabozzi
260 _aIslamabad
_bFrank J.Fabozzi
_c1992
300 _a644p
942 _cBK
_2ddc
999 _c562411
_d562411